000 00996nam a22003017a 4500
001 5091
003 FISKH
005 20241105160254.0
008 241105b cb ||||| |||| 00| 0 eng d
020 _a0531186423
040 _aFISKH
_beng
_cFISKH
_dFISKH
050 _aG530.T6
082 _a910.91634
100 _aStewart, David
245 _aYou Wouldn't Want to Sail on the Titanic! :
_bOne Voyage You'd Rather Not Make /
_cWritten by David Stewart : illustrated by David Antram
250 _aFirst Scholastic printing , September 2001
260 _aNew York :
_bScholastic ;
_c2001.
300 _a32 pages :
_bcolor illustrations ;
_c26 cm .
490 _aYou Wouldn't Want to
505 _aZ
520 _aOffers a humorous but factual look at the ill-fated voyage of the R.M.S. Titanic.
521 8 _a940
_bLexile IG
521 8 _aZ
_bRaz-plus
650 _aships
_vnon-fiction
700 _aAntram, David
_eillustrator
942 _2ddc
_cBK
_n0
999 _c5091
_d5091